[Event "Heusenstamm Sparkassen op-A 9th"]
[Site "Heusenstamm"]
[Date "2023.11.26"]
[Round "6"]
[White "Vangsgaard, Claus"]
[Black "Lenhard, Martin"]
[Result "1/2-1/2"]
[WhiteElo "1853"]
[BlackElo "2060"]
[PlyCount "88"]
[EventDate "2023.11.23"]
[EventType "swiss"]
[EventRounds "7"]
[EventCountry "GER"]
[SourceTitle "CBM 217 Extra"]
[Source "ChessBase"]
[SourceDate "2024.01.31"]
[SourceVersion "1"]
[SourceVersionDate "2024.01.31"]
[SourceQuality "1"]

1. e4 e6 2. d3 d5 3. Nd2 c5 4. Ngf3 Nf6 5. g3 Nc6 6. Bg2 Be7 7. 0-0 b6 8. e5 Nd7 9. Re1 Qc7 10. Qe2 Bb7 11. Nf1 0-0-0 12. c3 Kb8 13. Bd2 h6 14. d4 g5 15. Rec1 c4 16. b4 Rdg8 17. h3 Bc8 18. Re1 Qd8 19. N3h2 Qf8 20. Ne3 Bb7 21. a4 Bd8 22. Reb1 Qe8 23. Nxc4 dxc4 24. Qxc4 Ncxe5 25. dxe5 Bxg2 26. Kxg2 Nxe5 27. Qe4 Qc6 28. Qxc6 Nxc6 29. c4 Bf6 30. Ra2 Rd8 31. a5 Rd7 32. axb6 axb6 33. Be3 Bd4 34. Bxd4 Rxd4 35. Rc2 Ne5 36. c5 Rc8 37. Nf3 Nxf3 38. Kxf3 Kb7 39. Ke3 Rd5 40. Rbc1 bxc5 41. Rxc5 Rcxc5 42. Rxc5 Rd1 43. Rb5+ Kc7 44. Ra5 Kb7 1/2-1/2

[Event "Heusenstamm Sparkassen op 8th"]
[Site "Heusenstamm"]
[Date "2022.11.19"]
[Round "5"]
[White "Abdo, Alan"]
[Black "Vangsgaard, Claus"]
[Result "0-1"]
[WhiteElo "1686"]
[BlackElo "1888"]
[PlyCount "94"]
[EventDate "2022.11.17"]
[EventType "swiss"]
[EventRounds "7"]
[EventCountry "GER"]
[SourceTitle "CBM 212 Extra"]
[Source "ChessBase"]
[SourceDate "2023.03.31"]
[SourceVersion "1"]
[SourceVersionDate "2023.03.31"]
[SourceQuality "1"]

1. b3 f5 2. Bb2 Nf6 3. e3 e6 4. Nf3 d5 5. d4 Be7 6. Nbd2 0-0 7. c4 c6 8. Be2 Ne4 9. 0-0 Nd7 10. Nxe4 fxe4 11. Ne5 Nxe5 12. dxe5 Rf7 13. Qd4 b6 14. cxd5 cxd5 15. b4 a5 16. a3 Ba6 17. Bxa6 Rxa6 18. b5 Ra8 19. a4 Rc8 20. Rac1 Bc5 21. Qd2 Rfc7 22. Qd1 Bb4 23. Qg4 Qe7 24. Rxc7 Rxc7 25. Rc1 Rxc1+ 26. Bxc1 g6 27. Bb2 Kf7 28. h4 Bc5 29. Qf4+ Ke8 30. Qf6 Qxf6 31. exf6 Bd6 32. g4 e5 33. g5 Kf7 34. Bc3 h6 35. Kf1 hxg5 36. hxg5 Ke6 37. f4 Bc5 38. Bxe5 Bxe3 39. Ke2 Bc5 40. Kd2 d4 41. Ke2 d3+ 42. Kd2 Bb4+ 43. Ke3 Kd5 44. Bd4 d2 45. Ke2 Kxd4 46. f5 Kc3 47. Kd1 Kd3 0-1

[Event "Bremen Silvester op"]
[Site "Bremen"]
[Date "2021.12.29"]
[Round "5"]
[White "Vangsgaard, Claus"]
[Black "Kieselbach, Jannik"]
[Result "1-0"]
[WhiteElo "1871"]
[BlackElo "1560"]
[PlyCount "123"]
[EventDate "2021.12.21"]
[EventType "swiss"]
[EventRounds "7"]
[EventCountry "GER"]
[SourceTitle "CBM 205 Extra"]
[Source "ChessBase"]
[SourceDate "2022.01.31"]
[SourceVersion "1"]
[SourceVersionDate "2022.01.31"]
[SourceQuality "1"]

1. e4 c5 2. d3 Nc6 3. Nf3 g6 4. g3 Bg7 5. Bg2 e6 6. 0-0 Nge7 7. Re1 0-0 8. Nbd2 d5 9. e5 Qc7 10. Qe2 Nb4 11. Nf1 d4 12. h4 Nec6 13. a3 Nd5 14. N1h2 b5 15. h5 a5 16. Ng4 Re8 17. Bg5 Nce7 18. Nf6+ Bxf6 19. exf6 Nc6 20. Nh4 Qd6 21. Be4 e5 22. hxg6 fxg6 23. f4 Nxf6 24. fxe5 Qxe5 25. Bxf6 Qxf6 26. Bd5+ Be6 27. Bxc6 Bd7 28. Be4 Kg7 29. Qf2 Qxf2+ 30. Kxf2 Rf8+ 31. Kg2 Ra6 32. Rf1 Raf6 33. Rxf6 Rxf6 34. Nf3 h5 35. Rf1 Kh6 36. Nd2 Re6 37. Nb3 Re5 38. Rf7 Bf5 39. Nd2 c4 40. Kf2 cxd3 41. cxd3 Rc5 42. Bxf5 Rc2 43. Ke2 gxf5 44. Rxf5 Rxb2 45. Rd5 b4 46. Rxa5 bxa3 47. Rxa3 Kg5 48. Ra8 Kg4 49. Rg8+ Kf5 50. Kd1 Ra2 51. Ne4 Ra1+ 52. Ke2 Ra2+ 53. Kf3 Ra3 54. Rg5+ Ke6 55. Nf2 h4 56. gxh4 Kf6 57. Rd5 Kg7 58. Rxd4 Kh8 59. Ne4 Ra5 60. Ng5 Ra3 61. h5 Ra8 62. Rd8+ 1-0

[Event "Bremen Silvester op"]
[Site "Bremen"]
[Date "2021.12.28"]
[Round "4"]
[White "Knuedel, Torben"]
[Black "Vangsgaard, Claus"]
[Result "1-0"]
[WhiteElo "2187"]
[BlackElo "1871"]
[PlyCount "59"]
[EventDate "2021.12.21"]
[EventType "swiss"]
[EventRounds "7"]
[EventCountry "GER"]
[SourceTitle "CBM 205 Extra"]
[Source "ChessBase"]
[SourceDate "2022.01.31"]
[SourceVersion "1"]
[SourceVersionDate "2022.01.31"]
[SourceQuality "1"]

1. e4 c6 2. d4 d5 3. f3 dxe4 4. fxe4 e5 5. Nf3 Bg4 6. Bc4 Nd7 7. c3 Bh5 8. 0-0 b5 9. Bb3 Bd6 10. Qe1 Ngf6 11. Bg5 Qc7 12. Kh1 0-0 13. Nbd2 Kh8 14. Qh4 Bg6 15. Rae1 Ng8 16. dxe5 Nxe5 17. Nxe5 Bxe5 18. Nf3 f6 19. Be3 Rfe8 20. Nxe5 Qxe5 21. Bf4 Qc5 22. e5 Bd3 23. exf6 Nxf6 24. Rxe8+ Rxe8 25. Re1 Ne4 26. Re3 Rf8 27. Rf3 Be2 28. Be3 Qd6 29. Rxf8+ Qxf8 30. Qxe4 1-0

[Event "Bremen Silvester op"]
[Site "Bremen"]
[Date "2021.12.27"]
[Round "2"]
[White "Van der Valk, Niklas"]
[Black "Vangsgaard, Claus"]
[Result "1-0"]
[WhiteElo "2170"]
[BlackElo "1871"]
[PlyCount "121"]
[EventDate "2021.12.21"]
[EventType "swiss"]
[EventRounds "7"]
[EventCountry "GER"]
[SourceTitle "CBM 205 Extra"]
[Source "ChessBase"]
[SourceDate "2022.01.31"]
[SourceVersion "1"]
[SourceVersionDate "2022.01.31"]
[SourceQuality "1"]

1. c4 c6 2. Nf3 d5 3. e3 e6 4. Nc3 Nf6 5. b3 Be7 6. Bb2 0-0 7. Be2 Nbd7 8. d4 dxc4 9. Bxc4 b5 10. Bd3 Bb7 11. e4 a6 12. e5 Nd5 13. Nxd5 cxd5 14. 0-0 f5 15. exf6 Rxf6 16. Re1 Bd6 17. Bc2 Nf8 18. Ne5 Rc8 19. Re3 Bxe5 20. Rxe5 g6 21. Qd2 Rc6 22. Bd3 Nd7 23. Re3 Rf7 24. Rae1 Nf6 25. f3 Bc8 26. Ba3 Ne8 27. Bc5 Nd6 28. Re5 Nb7 29. b4 Nd6 30. Qh6 Nf5 31. Qd2 Nd6 32. R5e2 Nc4 33. Qh6 Qf6 34. Kh1 Qf4 35. Qxf4 Rxf4 36. Ra1 Na3 37. Kg1 Bd7 38. Kf2 Rf7 39. g3 Rc8 40. h4 Nc4 41. g4 Ra8 42. Rh1 a5 43. bxa5 Rxa5 44. h5 g5 45. h6 e5 46. Kg3 e4 47. fxe4 Rf4 48. exd5 Rxg4+ 49. Kf2 Rf4+ 50. Ke1 Ra8 51. Re7 Bf5 52. Rg7+ Kh8 53. Bxf5 Rxf5 54. d6 Rxa2 55. d7 Ra1+ 56. Ke2 Ra2+ 57. Kd3 Rd2+ 58. Ke4 Rf4+ 59. Kd5 Ne3+ 60. Kc6 Rf6+ 61. Kb7 1-0

[Event "Heusenstamm Sparkassen op-A 7th"]
[Site "Heusenstamm"]
[Date "2021.11.18"]
[Round "1.45"]
[White "Bergner, Philipp"]
[Black "Vangsgaard, Claus"]
[Result "1/2-1/2"]
[WhiteElo "2100"]
[BlackElo "1851"]
[PlyCount "107"]
[EventDate "2021.11.18"]
[EventType "swiss"]
[EventRounds "7"]
[EventCountry "GER"]
[SourceTitle "EXT 2023"]
[Source "ChessBase"]
[SourceDate "2022.10.05"]
[SourceVersion "1"]
[SourceVersionDate "2022.10.05"]
[SourceQuality "1"]

1. d4 c5 2. d5 e5 3. Nc3 d6 4. e4 Be7 5. Nf3 h5 6. a4 h4 7. h3 Nf6 8. Be2 g6 9. Be3 Nh5 10. Qd2 Ng7 11. 0-0 0-0 12. Nh2 f5 13. f4 exf4 14. Bxf4 g5 15. Be3 f4 16. Bf2 Nd7 17. Ng4 Nf6 18. Nxf6+ Bxf6 19. Rad1 Bd7 20. b3 Qe7 21. Rfe1 Be8 22. Bg4 Be5 23. Nb1 Nh5 24. Na3 Qg7 25. Qd3 Bc3 26. Rf1 Ng3 27. Bxg3 hxg3 28. Nc4 Bd4+ 29. Kh1 Be5 30. Qf3 Rd8 31. a5 Bd7 32. Rb1 Qf6 33. b4 Bxg4 34. Qxg4 cxb4 35. Rxb4 Rf7 36. Rfb1 Rdd7 37. Qe6 Kg7 38. Nxe5 Qxe5 39. Qxe5+ dxe5 40. c4 g4 41. hxg4 Kg6 42. Kg1 Rc7 43. Kf1 Kg5 44. Ke2 Kxg4 45. d6 Rcd7 46. c5 Rh7 47. R4b2 Rdf7 48. Kf1 Rh1+ 49. Ke2 Rh2 50. Kf1 Rh1+ 51. Ke2 Rh2 52. Kf1 Rh1+ 53. Ke2 Rh2 54. Kf1 1/2-1/2

[Event "Copenhagen Challenge"]
[Site "Ballerup"]
[Date "2018.04.28"]
[Round "7"]
[White "Vangsgaard, Claus"]
[Black "Vangsgaard, Freja"]
[Result "1/2-1/2"]
[WhiteElo "1938"]
[BlackElo "1970"]
[PlyCount "92"]
[EventDate "2018.04.25"]
[EventType "swiss"]
[EventRounds "9"]
[EventCountry "DEN"]
[SourceTitle "CBM 184 Extra"]
[Source "ChessBase"]
[SourceDate "2018.06.28"]
[SourceVersion "1"]
[SourceVersionDate "2018.06.28"]
[SourceQuality "1"]

1. e4 c6 2. Nc3 d5 3. d4 dxe4 4. Nxe4 Bf5 5. Ng3 Bg6 6. h4 h6 7. Nf3 Nd7 8. h5 Bh7 9. Bd3 Bxd3 10. Qxd3 e6 11. Bd2 Ngf6 12. 0-0-0 Be7 13. Ne4 Nxe4 14. Qxe4 Nf6 15. Qe2 Qd5 16. c4 Qe4 17. Qxe4 Nxe4 18. Be3 c5 19. d5 exd5 20. Rxd5 Nf6 21. Rd3 0-0 22. Ne1 Ng4 23. Kc2 Rad8 24. Rh3 Ne5 25. Rxd8 Rxd8 26. b3 Ng4 27. Nd3 b6 28. Rf3 Nxe3+ 29. Rxe3 Bg5 30. Re4 Kf8 31. f4 Bf6 32. f5 Rd4 33. Rxd4 Bxd4 34. Ne1 Bf2 35. Nf3 Bg3 36. Kd3 Ke7 37. Nd2 Be5 38. g4 f6 39. a4 Kd6 40. Nf1 Bf4 41. Ke4 Bg5 42. Ng3 Bc1 43. Ne2 Bd2 44. Nf4 Bxf4 45. Kxf4 Kc6 46. Ke3 a6 1/2-1/2

[Event "DEN-ch Kort 2 A"]
[Site "Skorping"]
[Date "2014.04.19"]
[Round "5"]
[White "Vangsgaard, Claus"]
[Black "Vangsgaard, Bjarke"]
[Result "1/2-1/2"]
[WhiteElo "1851"]
[BlackElo "1803"]
[PlyCount "43"]
[EventDate "2014.04.17"]
[EventType "swiss"]
[EventRounds "5"]
[EventCountry "DEN"]
[SourceTitle "EXT 2023"]
[Source "ChessBase"]
[SourceDate "2022.10.05"]
[SourceVersion "1"]
[SourceVersionDate "2022.10.05"]
[SourceQuality "1"]

1. e4 d5 2. exd5 Qxd5 3. Nc3 Qa5 4. d4 Nf6 5. Bc4 c6 6. Bd2 Bf5 7. Nd5 Qd8 8. Nxf6+ gxf6 9. Nf3 e6 10. c3 Bg7 11. Qe2 0-0 12. Nh4 Bg6 13. Nxg6 hxg6 14. 0-0 Nd7 15. Rfe1 Qc7 16. Rad1 Rad8 17. Qg4 f5 18. Qh4 Nb6 19. Bb3 c5 20. dxc5 Qxc5 21. Be3 Qc7 22. Bg5 1/2-1/2

[Event "DEN-ch Kort 2 A"]
[Site "Skorping"]
[Date "2014.04.18"]
[Round "3"]
[White "Vangsgaard, Claus"]
[Black "Schacht, Jorgen Vejby"]
[Result "0-1"]
[WhiteElo "1851"]
[BlackElo "1749"]
[PlyCount "112"]
[EventDate "2014.04.17"]
[EventType "swiss"]
[EventRounds "5"]
[EventCountry "DEN"]
[SourceTitle "EXT 2023"]
[Source "ChessBase"]
[SourceDate "2022.10.05"]
[SourceVersion "1"]
[SourceVersionDate "2022.10.05"]
[SourceQuality "1"]

1. e4 c5 2. d3 Nc6 3. f4 g6 4. Nf3 Bg7 5. g3 d5 6. exd5 Qxd5 7. Nc3 Qd8 8. Bg2 Bg4 9. 0-0 e6 10. h3 Bxf3 11. Qxf3 Nge7 12. g4 0-0 13. Be3 b6 14. Rae1 Rc8 15. Kh1 Nb4 16. Qd1 Ned5 17. Nxd5 Nxd5 18. Bc1 Re8 19. a3 Qd7 20. Qf3 Ne7 21. Re2 Nc6 22. Qg3 Ne7 23. Be4 Qd6 24. Qg2 f5 25. Bf3 e5 26. fxe5 Bxe5 27. Rfe1 Bg7 28. gxf5 gxf5 29. Re6 Qd7 30. Bg5 Ng6 31. Bd5 Kh8 32. c4 Ne5 33. Rxe8+ Rxe8 34. Qe2 Rf8 35. b4 f4 36. Qh5 f3 37. Be4 Bf6 38. Bxf6+ Rxf6 39. Qxe5 Qxh3+ 40. Qh2 f2 41. Qxh3 fxe1Q+ 42. Kh2 Qd2+ 43. Kg1 Qf2+ 44. Kh1 Qf1+ 45. Qxf1 Rxf1+ 46. Kg2 Ra1 47. bxc5 bxc5 48. Kf3 Rxa3 49. Kf4 h5 50. Ke5 h4 51. Kd5 Ra5 52. d4 cxd4+ 53. Kxd4 h3 54. Bb7 h2 55. c5 Rb5 56. Bh1 Rb1 0-1

[Event "DEN-ch Kort 1"]
[Site "Skorping"]
[Date "2014.04.13"]
[Round "3"]
[White "Mikkelsen, Peter Jorgen Dam"]
[Black "Vangsgaard, Claus"]
[Result "1-0"]
[WhiteElo "2044"]
[BlackElo "1863"]
[PlyCount "109"]
[EventDate "2014.04.12"]
[EventType "swiss"]
[EventRounds "5"]
[EventCountry "DEN"]
[SourceTitle "EXT 2023"]
[Source "ChessBase"]
[SourceDate "2022.10.05"]
[SourceVersion "1"]
[SourceVersionDate "2022.10.05"]
[SourceQuality "1"]

1. c4 Nf6 2. Nc3 g6 3. d4 Bg7 4. e4 d6 5. f3 0-0 6. Be3 Nbd7 7. Nge2 e5 8. d5 Ne8 9. Qd2 f5 10. 0-0-0 f4 11. Bf2 a6 12. Kb1 Rf7 13. Nc1 Nf8 14. Be2 Bd7 15. g3 b5 16. cxb5 axb5 17. Nxb5 Bxb5 18. Bxb5 fxg3 19. hxg3 Rxf3 20. Bc6 Rc8 21. Qe2 Rf7 22. Ba7 Qe7 23. Rdf1 Rxf1 24. Rxf1 Nd7 25. Qg4 Rd8 26. Qe6+ Qxe6 27. dxe6 Ndf6 28. e7 Rd7 29. Bxd7 Nxd7 30. b4 Bf6 31. Bf2 Bxe7 32. Nd3 Nef6 33. Re1 Kf7 34. a4 d5 35. exd5 Nxd5 36. Nxe5+ Nxe5 37. Rxe5 Nc3+ 38. Kc2 Bd6 39. Re3 Nxa4 40. Kb3 Nb6 41. Rf3+ Ke6 42. Bxb6 cxb6 43. Kc4 Ke5 44. g4 h6 45. Rf7 g5 46. Rb7 Kf4 47. Rxb6 Bxb4 48. Kxb4 Kxg4 49. Rxh6 Kg3 50. Kc3 g4 51. Kd2 Kf2 52. Rf6+ Kg2 53. Ke2 g3 54. Rg6 Kh2 55. Kf1 1-0